<?xml version="1.0" encoding="UTF-8"?>
<marc:record xmlns:marc="http://www.loc.gov/MARC21/slim">
   <marc:leader>00000nam a2200000 a 4500</marc:leader>
   <marc:datafield ind1="1" ind2=" " tag="100">
      <marc:subfield code="a">Ploog, Karin</marc:subfield>
      <marc:subfield code="4">aut</marc:subfield>
      <marc:subfield code="e">Verfasser/-in</marc:subfield>
   </marc:datafield>
   <marc:datafield ind1="0" ind2="0" tag="245">
      <marc:subfield code="a">Voicecoaching</marc:subfield>
   </marc:datafield>
   <marc:datafield ind1="0" ind2="0" tag="245">
      <marc:subfield code="b">Das Trainingkonzept für Gesangstechnik mit Übungs-CD</marc:subfield>
   </marc:datafield>
   <marc:datafield ind1="0" ind2="0" tag="245">
      <marc:subfield code="c">Karin Ploog</marc:subfield>
   </marc:datafield>
   <marc:datafield ind1=" " ind2="1" tag="264">
      <marc:subfield code="a">Bonn</marc:subfield>
      <marc:subfield code="b">Voggenreiter</marc:subfield>
      <marc:subfield code="c">1999</marc:subfield>
   </marc:datafield>
   <marc:datafield ind1="1" ind2=" " tag="520">
      <marc:subfield code="a">Dieses Konzept für Gesangstechnik enthält alles, was Sänger/innen für eine sorgfältige Ausbildung ihrer Stimme und über die perfekte Atemtechnik wissen sollten. Dabei helfen Grund-, Aufbau- und Profi-Übungen. Weiterhin gibt es Hilfestellung bei Stimmproblemen, es werden Interpretationstechniken erarbeitet und Tips und Tricks vermittelt, die vom Einsingen bis zur Studioarbeit reichen.</marc:subfield>
   </marc:datafield>
   <marc:datafield ind1=" " ind2=" " tag="020">
      <marc:subfield code="a">9783802403507</marc:subfield>
      <marc:subfield code="9">9783802403507</marc:subfield>
   </marc:datafield>
   <marc:datafield ind1=" " ind2=" " tag="020">
      <marc:subfield code="a">3802403509</marc:subfield>
      <marc:subfield code="9">3802403509</marc:subfield>
   </marc:datafield>
   <marc:datafield ind1=" " ind2=" " tag="300">
      <marc:subfield code="a">116 S.</marc:subfield>
   </marc:datafield>
</marc:record>
